000 00577nam a2200229Ia 4500
003 OSt
005 20220924151501.0
006 a|||||r|||| 00| 0
007 ta
008 220923b |||||||| |||| 00| 0 ara d
024 _a337920
037 _cTextual
040 _aARTS
_cARTS
_bara
041 _2ara
_aara
082 _aO28,1NNA3,1, K7
100 _aMalaik Nazuk Au.
_9223665
245 0 _aQararatul maujat
260 _c1967
650 _aARABIC POETRY
942 _hO28,1NNA3,1, K7
_cTEXL
_2CC
999 _c466738
_d466738